logo

Bir Sreshtho Munshi Abdur Rouf Library
Jhenaidah Cadet College

English Conversation practice / (Record no. 4928)

MARC details
000 -LEADER
fixed length control field 00551nam a2200217 a 4500
001 - CONTROL NUMBER
JCCL Control Number 4928
003 - CONTROL NUMBER IDENTIFIER
JCCL marc code BD-JhCC
005 - DATE AND TIME OF LATEST TRANSACTION
control field 20171207182948.0
008 - FIXED-LENGTH DATA ELEMENTS--GENERAL INFORMATION
fixed length control field 171205s1967 uk||||| |||| 00| 0 eng d
035 ## - SYSTEM CONTROL NUMBER
system control number (BD-JhCC)4928
040 ## - CATALOGING SOURCE
Original cataloging agency BD-JhCC
Modifying agency BD-JhCC
041 ## - LANGUAGE CODE
Language code of Book eng
082 ## - DEWEY DECIMAL CLASSIFICATION NUMBER
Classification number 421
Author mark and Year SPE 1967
100 ## - MAIN ENTRY--PERSONAL NAME
Personal name Spencer, D. H
245 ## - TITLE STATEMENT
Title English Conversation practice /
Statement of responsibility, etc D. H Spencer
260 ## - PUBLICATION, DISTRIBUTION, ETC. (IMPRINT)
Place of publication, distribution, etc London :
Name of publisher, distributor, etc Oxford University press,
Date of publication, distribution, etc 1967.
300 ## - PHYSICAL DESCRIPTION
Pagination 42 p. :
Dimensions 18 cm.
650 ## - SUBJECT ADDED ENTRY--TOPICAL TERM
Topical term or geographic name as entry element English conversation
942 ## - ADDED ENTRY ELEMENTS (KOHA)
Source of classification or shelving scheme Dewey Decimal Classification
Koha item type Books
Holdings
Source of classification or shelving scheme Damaged status Not for loan Home library Current library Shelving location Date of accession Total Checkouts Full call number Barcode Date last seen Copy number Koha item type Date checked out
Dewey Decimal Classification     JCC Rouf Library JCC Rouf Library General Stacks 12/05/2017   421 SPE 1967 6810 12/05/2017 C-1 Books  
Dewey Decimal Classification     JCC Rouf Library JCC Rouf Library General Stacks 12/06/2017 1 421 SPE 1967 6984 12/28/2017 C-2 Books 12/28/2017
Dewey Decimal Classification     JCC Rouf Library JCC Rouf Library General Stacks 12/07/2017   421 SPE 1967 6986 12/07/2017 C-3 Books  
Dewey Decimal Classification     JCC Rouf Library JCC Rouf Library General Stacks 03/05/2018   421 SPE 1967 11563 03/05/2018 C-4 Books  

JCC Library | Contacts | JCC Home

Last Update on 23 September 2017
Copyright @ 2017-2020 JCC Rouf Library
Rouf Library, Jhenidah Cadet College (JCC), Bangladesh